Normal view
MARC view
- katagiri Yoshitada
Entry Personal Name
001 - CONTROL NUMBER
- control field: 122767
003 - CONTROL NUMBER IDENTIFIER
- control field: NUST
005 - DATE AND TIME OF LATEST TRANSACTION
- control field: 20240521104828.0
008 - FIXED-LENGTH DATA ELEMENTS
- fixed length control field: 240521|| aca||aabn | a|a d
040 ## - CATALOGING SOURCE
- Original cataloging agency: NUST
- Transcribing agency: NUST
100 ## - HEADING--PERSONAL NAME
- Personal name: katagiri Yoshitada
670 ## - SOURCE DATA FOUND
- Source citation: Work cat.: (NUST): katagiri Yoshitada, Micro- Optomechatronics, 2005.
